000 01994nam0a2200325 4500
001 RU\NLR\BIBL_A\022756183
005 20260408234134.0
035 _a(NLR Aleph) 022756183
090 _a13638599
_c13638599
100 _a20260317d1886 u y0rusy50 ca
101 0 _arus
102 _aRU
105 _ak z 000yy
181 0 _ai
_b xxe
182 0 _an
200 1 _aРазсчетная книжка, выданная из конторы чугунно-литейнаго и механическаго завода Казанскаго 1-й гильдии купца Александра Никифоровича Свешникова, в Казани, мастеровому
203 _aТекст
_bвизуальный
_cнепосредственный
210 _aКазань
_cТипография А. А. Родионова
_dцензура 1886
215 _a[19] с.
_cбланки
_d17
327 1 _aСодерж.: Правила общия ; Условия найма ; Разсчетная книжка : [форма для заполнения]
464 0 _12001#$aПравила общия$aУсловия найма$aЗабор денег и вычет штрафу
_15181#$aПравила общие
_tЗабор денег и вычет штрафу
518 1 _aРасчетная книжка, выданная из конторы Чугунолитейного и механического завода казанского 1-й гильдии купца Александра Никифоровича Свешникова, в Казани, мастеровому
606 _aРасчетные книжки
_yРоссия
_3RU\NLR\AUTH\6601767711
_92701060
686 3 _aХ879(2)1
710 0 2 _aЧугунолитейный и механический завод А. Н. Свешникова
_cКазань
_3RU\NLR\AUTH\8810214526
_9315540
852 _aNLR
_j18.218.6.219
942 _cBOOK
980 _aNB